000 00331nam a2200145Ia 4500
008 241014s9999||||xx |||||||||||||| ||und||
020 _a97807020661875
100 _aRuth Johnson
245 0 _aSkills for Midwifery Practice
250 _a4
260 _bElsevier
_c2016
300 _a462
650 _aMidwife
942 _bION
_cBK
999 _c19040
_d19040